Aktuálne problémy v zakladaní a pestovaní lesa : zborník referátov zo 7. medzinárodnej konferencie, ktorá sa konala 15.-16. októbra 2019 v Plaveckom Štvrtku /
Uložené v:
| Korporatívny autor: | |
|---|---|
| Ďalší autori: | , |
| Médium: | Kniha |
| Jazyk: | Slovak Czech |
| Vydané: |
Zvolen :
Národné lesnícke centrum - Lesnícky výskumný ústav,
2019.
|
| Vydanie: | Vydanie: Prvé |
| Témy: | |
| ISBN: |
9788080932848 |
| Fyzický popis: |
111 strán : fotografie, grafy, schémy, tabuľky ; 21 cm. |
| Tagy: |
Pridať tag
Žiadne tagy, Buďte prvý kto otaguje tento záznam!
|
Titul je dostupný aj v ... 

MARC
| LEADER | 00000nam a2200000 i 4500 | ||
|---|---|---|---|
| 001 | 000627310 | ||
| 005 | 20200204125500.0 | ||
| 008 | 191216s2019 xo dlo g 100 0 slo d | ||
| 020 | |a 9788080932848 |q (brožované) | ||
| 040 | |a SVKKK |b slo |c SVKKK |e rda | ||
| 041 | 0 | |a slo |a cze |b slo |b cze |b eng | |
| 044 | |a xo |c SK | ||
| 072 | 7 | |a 630 |x Lesníctvo |2 konspekt | |
| 080 | |a 630.1 |2 2011 | ||
| 080 | |a 630.2 |2 2011 | ||
| 080 | |a 630.23 |2 2011 | ||
| 080 | |a (062.534) |2 2011 | ||
| 111 | 2 | |a Aktuálne problémy v zakladaní a pestovaní lesa |n (7. : |d 2019 : |c Plavecký Štvrtok, Slovensko) |4 aut | |
| 245 | 1 | 0 | |a Aktuálne problémy v zakladaní a pestovaní lesa : |b zborník referátov zo 7. medzinárodnej konferencie, ktorá sa konala 15.-16. októbra 2019 v Plaveckom Štvrtku / |c zostavovatelia: Igor Štefančík, Dagmar Bednárová. |
| 250 | |a Vydanie: Prvé | ||
| 264 | 1 | |a Zvolen : |b Národné lesnícke centrum - Lesnícky výskumný ústav, |c 2019. | |
| 300 | |a 111 strán : |b fotografie, grafy, schémy, tabuľky ; |c 21 cm. | ||
| 336 | |a text |b txt |2 rdacontent | ||
| 337 | |a bez média |b n |2 rdamedia | ||
| 338 | |a zväzok |b nc |2 rdacarrier | ||
| 366 | |e 75 kusov | ||
| 504 | |a Obsahuje bibliografické odkazy | ||
| 546 | |a Čiastočne text v češtine ; slovenský, český a anglický abstrakt | ||
| 610 | 2 | 7 | |a Národné lesnícke centrum (Zvolen, Slovensko). |b Lesnícky výskumný ústav |2 SVKKKKA |
| 648 | 7 | |a lesy |2 SVKKKPH | |
| 650 | 0 | 7 | |a pestovanie lesa |2 SVKKKPH |
| 650 | 0 | 7 | |a obnova lesných porastov |2 SVKKKPH |
| 650 | 0 | 7 | |a forests |2 SVKKKPHeng |
| 650 | 0 | 7 | |a forest cultivation |2 SVKKKPHeng |
| 650 | 0 | 7 | |a afforestation |2 SVKKKPHeng |
| 655 | 7 | |a zborníky konferencií |2 SVKKKPH | |
| 655 | 7 | |a proceedings of conferences |2 SVKKKPHeng | |
| 700 | 1 | |a Štefančík, Igor, |d 1960- |4 com | |
| 700 | 1 | |a Bednárová, Dagmar |4 com | |
| 910 | |a svkkk | ||
| 919 | |a 978-80-8093-284-8 | ||
| 998 | |a BK | ||
| 090 | |g SCKHL |k Študovňa kníh |a III.246987 |j 1102405 |i 2720708471 |s Príručka / Študovňa | ||